000
00296nam a22001337a 4500
008
170131b xxu||||| |||| 00| 0 eng d
020
_a
9780867203158
041
_a
eng
080
_a
61
100
_a
3
101
_a
SHM
245
_a
HUMAN AGING AND CHRONIC DISEASE
_c
KART, C.S
942
_2
udc
_c
BK
999
_c
4102
_d
4102